000 00544nam a2200205Ia 4500
005 20250425161418.0
008 250425s9999 xx 000 0 und d
020 _a0471339466
041 _aeng
082 _a551.36
245 0 _aNEARSHORE SEDIMENT DYNAMICS AND SEDIMENTATION: AN INTERDISCIPLINARY REVIEW
250 _aS.E.
260 _aEstados Unidos
_bJOHN WILEY & SONS
_c1975
260 _aNEW YORK
300 _a316
650 _aCOSTAS-CONGRESOS CONFERENCIAS
650 _aSEDIMENTOS MARINOS
942 _c01
010 _a19703
999 _c208708
_d208708